|
|
|
|
| LEADER |
00857nam a2200217 a 4500 |
| 008 |
100316s2000 nyua b 001 0 eng d |
| 020 |
|
|
|a 3211832831 (complete series)
|
| 020 |
|
|
|a 321183284x (v. 1)
|
| 040 |
|
|
|a DLC
|c DLC
|d DLC
|d BD-DhAAL
|
| 082 |
0 |
0 |
|a 726
|2 21
|
| 245 |
0 |
0 |
|a World architecture 1900-2000 : a critical mosaic /
|c general editor, Kenneth Frampton.
|
| 260 |
|
|
|a New York :
|b SpringerWien,
|c 2000.
|
| 300 |
|
|
|a lv, 266 p. :
|b ill. (some col.) ;
|c 29 cm.
|
| 362 |
0 |
|
|a Vol. 1
|
| 504 |
|
|
|a Includes bibliographical references and index.
|
| 541 |
1 |
|
|e 00011707
|
| 650 |
|
0 |
|a Architecture, Modern
|y 20th century.
|
| 700 |
1 |
|
|a Frampton, Kenneth.
|
| 852 |
4 |
|
|a Ayesha Abed Library
|j General Shelf
|
| 999 |
|
|
|c 7785
|d 7785
|
| 952 |
|
|
|0 0
|1 0
|2 ddc
|4 0
|6 726_WOR_200000000000000
|7 0
|9 8622
|a BRACUL
|b BRACUL
|c GEN
|d 2010-03-16
|l 0
|o 726 WOR
|p 3010011707
|r 2010-03-16
|t 1
|w 2010-03-16
|y BK
|